Asimilación de inmigrantes en el medio urbano: notas metodológicas /

Spremljeno u:
Bibliografski detalji
Glavni autor: Germani, Gino
Format: Tekst
Oznake: Dodaj oznaku
Bez oznaka, Budi prvi tko označuje ovaj zapis!

MARC

LEADER 00000 a a2200000 04500
001 43558
003
040
100 |a Germani, Gino  
245 |a Asimilación de inmigrantes en el medio urbano:   |b notas metodológicas /  |c Gino Germani  
773 |g páginas 61-85  
999 |c 34997  |d 34997